| 000 | 00463nam a22001817a 4500 | ||
|---|---|---|---|
| 003 | OSt | ||
| 005 | 20151027160851.0 | ||
| 008 | 130626t xxu||||| |||| 00| 0 eng d | ||
| 020 | _a9781741474657 | ||
| 050 |
_aN 7425 _b.V834 2007 |
||
| 082 |
_aIB 701.18 _bB63 2007 |
||
| 245 |
_aVisual arts : _bHSC student answers |
||
| 260 |
_aAustralia : _bBoard of studies, _c2007. |
||
| 300 |
_a90 p. : _c30 cm. |
||
| 650 | _aArts | ||
| 942 |
_2lcc _cBK |
||
| 999 |
_c3111 _d3111 |
||